| 000 | 00446nam a2200157 i 4500 | ||
|---|---|---|---|
| 001 | 58004 | ||
| 003 | ES-MaACL | ||
| 005 | 20230906163713.0 | ||
| 007 | t| | ||
| 008 | 031020s1911 fr ||||1| fre d | ||
| 100 | 1 |
_aDunan, Charles. _946020 |
|
| 245 | 1 | 4 |
_aLes deux idealismes / _cpar Charles Dunan. |
| 260 |
_aParĂs : _b[s.n., _c1911] ( _eSaint-Dizier (Haute-Marne) : _fJ. Thevenot) |
||
| 300 |
_a202 p. ; _c18 cm. |
||
| 852 |
_aES-MaACL _jF-11956 |
||
| 999 |
_c58004 _d58004 |
||